000 00775nam a22002177a 4500
003 BPGM
008 260613e2012 mx acebg |||| 001 0 spa d
040 _bspa
041 _aspa
_hspa
082 0 4 _2000
_a027
245 _aEL HERALDO DE NAVIDAD 2012
250 _aPRIMERA EDICIÓN
_b2012
260 _aMÉXICO
_bPATRONATO DE LAS FOESTAS DEL ESTADO DE QUERETARO
_c2012
300 _a317 páginas
_b22.8 cm x 30 cm
336 _2rdacontent
_atexto
_btxt
337 _2rdamedia
_asin mediación
_bn
338 _2rdacarrier
_avolumen
_bnc
505 _aque reúne artículos literarios, históricos, científicos y artísticos, con el objetivo de preservar y difundir la identidad queretana durante las fiestas decembrinas.
650 _2GENERALIDADES
942 _2ddc
_cCOLQ
999 _c68607
_d68607